000
00315nam a22001337a 4500
003
SGT
082
_a
617.63
_b
I14N
100
_a
KASSAL, JAYASHREE
245
_a
FAILURES IN DENTAL IMPLANTS
260
_a
DELHI NCR
_b
SGT UNIVERSITY GURUGRAM
_c
2014
300
_a
1-120
650
_a
ORAL MEDICINE
942
_2
ddc
_c
TH
999
_c
18948
_d
18948